000 00553cam a2200193 4500
001 B2490
008 090401t1974 xxu||||| |||| 00| 0 eng d
035 _a(Sirsi) u50285
041 _aeng
050 _a336.210212
110 _aRating and Valuation Association
_91873
245 _aGeneral rate poundages and products... - 1974/1975,1976/1977,1978/1979-1982/1983,1984/1985-
260 _aLondon
_bRating and Valuation Association
_c1974-
350 _a25
520 _aPublished annually.
650 _aRATES
942 _n0
948 _c04/03/1997
999 _c92687
_d92687